<?xml version="1.0" encoding="UTF-8"?>
<record
    xmlns:xsi="http://www.w3.org/2001/XMLSchema-instance"
    xsi:schemaLocation="http://www.loc.gov/MARC21/slim http://www.loc.gov/standards/marcxml/schema/MARC21slim.xsd"
    xmlns="http://www.loc.gov/MARC21/slim">

  <leader>01557cam a22002653a 4500</leader>
  <controlfield tag="001">3755</controlfield>
  <controlfield tag="005">20240509145417.0</controlfield>
  <datafield tag="020" ind1=" " ind2=" ">
    <subfield code="a">0553486241 </subfield>
  </datafield>
  <datafield tag="040" ind1=" " ind2=" ">
    <subfield code="a">IHI</subfield>
    <subfield code="c">IHI</subfield>
    <subfield code="d">SLC</subfield>
    <subfield code="d">OCL</subfield>
    <subfield code="d">DLC</subfield>
    <subfield code="b">eng</subfield>
  </datafield>
  <datafield tag="050" ind1="0" ind2="0">
    <subfield code="a">PZ7.B8344</subfield>
  </datafield>
  <datafield tag="082" ind1=" " ind2=" ">
    <subfield code="a">074</subfield>
  </datafield>
  <datafield tag="100" ind1="1" ind2=" ">
    <subfield code="a">Bryant, Bonnie</subfield>
  </datafield>
  <datafield tag="245" ind1="1" ind2="0">
    <subfield code="a">Horse whispers :</subfield>
    <subfield code="c">Bonnie Bryant.</subfield>
    <subfield code="b">Listen with your heart /</subfield>
  </datafield>
  <datafield tag="260" ind1=" " ind2=" ">
    <subfield code="a">New York :</subfield>
    <subfield code="b">Bantam,</subfield>
    <subfield code="c">1998</subfield>
  </datafield>
  <datafield tag="300" ind1=" " ind2=" ">
    <subfield code="a">136 pages :</subfield>
    <subfield code="c">20 cm.</subfield>
    <subfield code="b">illustrations ;</subfield>
  </datafield>
  <datafield tag="490" ind1=" " ind2=" ">
    <subfield code="a">Saddle Club </subfield>
    <subfield code="v">Book 74 </subfield>
  </datafield>
  <datafield tag="505" ind1=" " ind2=" ">
    <subfield code="a">O 
</subfield>
  </datafield>
  <datafield tag="520" ind1=" " ind2=" ">
    <subfield code="a">The Saddle Club is spending February vacation with the Devines at the Bar None Ranch. Colonel Devine has just bought some new horses and one of the mares reminds Carole of Cobalt, the first horse she really loved. Carole rides the mare and discovers that, while the mare has been trained, there is still something wild in her. Then the mare runs away. The Saddle Club finds her running with a herd of wild horses that lives on the Bar None land. They bring the mare back. She runs away again. They bring her back again, only to have her run away once more. Eventually, The Saddle Club and the Devines must face the fact that the mare wants to be in the wild--and that she belongs there. Carole's encounter with this free spirit teaches her something about herself, too. She has a very special talent--she's a natural horse whisperer.</subfield>
  </datafield>
  <datafield tag="521" ind1="0" ind2=" ">
    <subfield code="a">640 
</subfield>
    <subfield code="b">Lexile 
</subfield>
  </datafield>
  <datafield tag="521" ind1="1" ind2=" ">
    <subfield code="a">O 
</subfield>
    <subfield code="b">Raz-Plus 
</subfield>
  </datafield>
  <datafield tag="650" ind1=" " ind2="0">
    <subfield code="a">Horses</subfield>
    <subfield code="v">Fiction.</subfield>
  </datafield>
  <datafield tag="655" ind1=" " ind2="7">
    <subfield code="a">Young adult fiction.</subfield>
    <subfield code="2">lcsh</subfield>
  </datafield>
  <datafield tag="906" ind1=" " ind2=" ">
    <subfield code="a">7</subfield>
    <subfield code="b">cbc</subfield>
    <subfield code="c">copycat</subfield>
    <subfield code="d">2</subfield>
    <subfield code="e">ncip</subfield>
    <subfield code="f">19</subfield>
    <subfield code="g">y-genrareb</subfield>
  </datafield>
  <datafield tag="942" ind1=" " ind2=" ">
    <subfield code="2">ddc</subfield>
    <subfield code="c">BK</subfield>
    <subfield code="n">0</subfield>
  </datafield>
  <datafield tag="999" ind1=" " ind2=" ">
    <subfield code="c">3755</subfield>
    <subfield code="d">3755</subfield>
  </datafield>
  <datafield tag="952" ind1=" " ind2=" ">
    <subfield code="0">0</subfield>
    <subfield code="1">0</subfield>
    <subfield code="2">ddc</subfield>
    <subfield code="4">0</subfield>
    <subfield code="7">0</subfield>
    <subfield code="8">FIC</subfield>
    <subfield code="a">001</subfield>
    <subfield code="b">001</subfield>
    <subfield code="c">TTP</subfield>
    <subfield code="d">2024-04-29</subfield>
    <subfield code="l">0</subfield>
    <subfield code="o">BRY 074 PZ7.B8344</subfield>
    <subfield code="p">FISSE02572</subfield>
    <subfield code="r">2024-04-29 16:07:29</subfield>
    <subfield code="w">2024-04-29</subfield>
    <subfield code="y">BK</subfield>
  </datafield>
</record>
